| 000 | 01447cam a22003495a 4500 | ||
|---|---|---|---|
| 999 |
_c12437 _d12437 |
||
| 003 | EG-ScBUE | ||
| 005 | 20200122152950.0 | ||
| 008 | 090727s2004 ua o f b 000 0aara d | ||
| 017 | _a2004 / 13518 | ||
| 020 | _a9770191604 | ||
| 040 |
_aEG-ScBUE _bara _erda _cEG-ScBUE _dEG-ScBUE |
||
| 043 | _af-ua--- | ||
| 082 | 0 | 4 |
_a306.42092 _bع ك ا _222 |
| 100 | 1 |
_aعكاشة، ثروت، _d ،1921-2012 _eمؤلف. |
|
| 245 | 1 | 0 |
_aمذكراتي في السياسة والثقافة. _nالمجلد الأول / _cثروت عكاشة. |
| 250 | _aطبعة خاصة. | ||
| 264 | 1 |
_aالقاهرة : _bدار الشروق، _c2004. |
|
| 300 | 3 |
_a388 صفحة ؛ _bصور ؛ _c24 سم. |
|
| 336 |
_2rdacontent _aنص _btxt |
||
| 337 |
_2rdamedia _aبدون وسيط _bn |
||
| 338 |
_2rdacarrier _aمجلد _bnc |
||
| 490 | 0 |
_aمكتبة الأسرة. _aأعمال السيرة الذاتية |
|
| 504 | _aيشتمل على إرجاعات ببليوجرافية. | ||
| 590 | _aeman | ||
| 600 | 1 | 7 |
_aعكاشة، ثروت، _d2012-1921 _vيوميات. |
| 650 | 7 |
_aالوزراء المصريون _vتراجم. _2BUEsh |
|
| 650 | 7 |
_aالسياسيون المصريون _vتراجم. _2BUEsh _931153 |
|
| 651 | 7 |
_aمصر _xتاريخ _vالثورة، 1952. _2BUEsh |
|
| 653 |
_bGGEN _cDecember2017 |
||
| 655 | _vReading book | ||
| 942 |
_2ddc _cBB |
||